Bollywood Actresses by Songs - Statistics

General Stats
  • This quiz has been taken 1,973 times
  • The average score is 11 of 15
Answer Stats
Hint Answer % Correct
Tum Hi Ho Teri Galliyan Shraddha Kapoor
95%
Nagada Sang Dhol Manwa Laage Deepika Padukone
88%
Kamli Mashallah Katrina Kaif
86%
Chammak Challo Yeh Ishq Hai Kareena Kapoor Khan
83%
Chaar Kadam Ainvayi Ainvayi Anushka Sharma
81%
Jumme Ki Raat Chittiyaan Kalaiyaan Jacqueline Fernandez
80%
Tu Ne Maari Entriyaan Ram Chahe Leela Priyanka Chopra
80%
Laila Babydoll Sunny Leone
80%
Patakha Guddi Mast Magan Alia Bhatt
75%
Raanjhana Hua Massakali Sonam Kapoor
74%
London Thumakda Tum Jo Aaye Kangana Ranaut
73%
Main Pareshan Drama Queen Parineeti Chopra
66%
Go Go Govinda Sawaar Loon Sonakshi Sinha
66%
Mitti Di Khushboo O Womaniya Huma Qureshi
31%
Manali Trance O Gujariya Lisa Haydon
29%
No matching quizzes found
Score Distribution
Percent of People with Each Score
Percentile by Number Answered
Your Score History
You have not taken this quiz